|
|
|
|
| LEADER |
00000nam1a2200000 4500 |
| 001 |
92234 |
| 005 |
20231101213822.0 |
| 035 |
|
|
|a (RuTPU)RU\TPU\book\98836
|
| 090 |
|
|
|a 92234
|
| 100 |
|
|
|a 20060310d1984 m y0rusy50 ca
|
| 101 |
0 |
|
|a rus
|
| 102 |
|
|
|a RU
|
| 200 |
1 |
|
|a Воспоминания и размышления
|e в 3 т.
|f Г. К. Жуков
|
| 205 |
|
|
|a 6-е изд.
|
| 210 |
|
|
|a Москва
|c Изд-во агентства печати "Новости"
|d 1984-
|
| 225 |
1 |
|
|a Библиотечка АПН
|
| 700 |
|
1 |
|a Жуков
|b Г. К.
|c русский полководец, маршал СССР
|f 1896-1974
|g Георгий Константинович
|2 stltpush
|3 (RuTPU)RU\TPU\pers\175
|9 94
|
| 801 |
|
1 |
|a RU
|b 63413507
|c 20060310
|g PSBO
|
| 801 |
|
2 |
|a RU
|b 63413507
|c 20220909
|g PSBO
|
| 942 |
|
|
|c BK
|